A novel acidic allergen, Hev b 5, in latex (Record no. 53476)

MARC details
000 -LEADER
fixed length control field 00510nam a2200205Ia 4500
100 ## - MAIN ENTRY--AUTHOR NAME
Personal name Akasawa A
245 #2 - TITLE STATEMENT
Title A novel acidic allergen, Hev b 5, in latex
260 ## - PUBLICATION, DISTRIBUTION, ETC. (IMPRINT)
Name of publisher Journal of Biological Chemistry
Year of publication 1996
300 ## - PHYSICAL DESCRIPTION
Number of Pages 25389-25393
500 ## - GENERAL NOTE
General note Source Year: 1997
650 ## - SUBJECT ADDED ENTRY--TOPICAL TERM
Topical Term Hevea brasiliensis
650 ## - SUBJECT ADDED ENTRY--TOPICAL TERM
Topical Term Latex alergy
700 ## - ADDED ENTRY--PERSONAL NAME
Personal name Lin Y
700 ## - ADDED ENTRY--PERSONAL NAME
Personal name LiShan H
700 ## - ADDED ENTRY--PERSONAL NAME
Personal name Liu T
700 ## - ADDED ENTRY--PERSONAL NAME
Personal name Martin B M
856 ## - ELECTRONIC LOCATION AND ACCESS
Uniform Resource Identifier IRRDB
942 ## - ADDED ENTRY ELEMENTS (KOHA)
Koha item type Journals
Holdings
Withdrawn status Lost status Damaged status Not for loan Home library Current library Shelving location Date acquired Serial Enumeration / chronology Koha item type
      Journals RRII Library RRII Library Rubber chemistry 17/12/2021 Volume 271, Issue 41 Journals